Szczegóły MARC21

Bogusław i Anna : w pięćsetną rocznicę ślubu Księcia Pomorza Zachodniego Bogusława X i Anny Jagiellonki : 2 luty 1491 - 2 luty 1991 /

003 -Nazwa inst., której nr kontr. jest w polu 001 [,]
    • @
    • Nazwa instytucji, której n kontrolny jest w polu 001
    • NUKAT
005 -DATA I CZAS OSTATNIEJ MODYFIKACJI [,]
    • @
    • pole kontrolne
    • 20241231100657.0
020 -Międzynarod. znormalizowany nr książki - ISBN [ , ]
    • a
    • Numer ISBN
    • 838536000X Find
040 -Instytucja sporządzająca opis [ , ]
    • a
    • Instytucja, która sporządziła opis (NP)
    • TOR U/kn
    • c
    • Instytucja, która sporządziła rekord (NP)
    • TOR U/kn
    • d
    • Instytucja, która zmodyfikowała rekord (P)
    • TOR U/kn
    • d
    • Instytucja, która zmodyfikowała rekord (P)
    • TOR U/JSzs
942 -Rodzaj dokumentu [ , ]
    • c
    • Rodzaj dokumentu
    • Książka
100 -Hasło główne - nazwa osobowa [1, ]
    • a
    • Nazwa osobowa (NP)
    • Boras, Zygmunt
    • d
    • Daty biograficzne (NP)
    • (1927-2008).
    • 9
    • KHW
    • 99667
245 -Strefa tytułu i oznaczenia odpowiedzialności [1,0]
    • a
    • Tytuł
    • Bogusław i Anna : Find
    • b
    • Ciąg dalszy tytułu (NP)
    • w pięćsetną rocznicę ślubu Księcia Pomorza Zachodniego Bogusława X i Anny Jagiellonki : 2 luty 1491 - 2 luty 1991 / Find
    • c
    • Pozostałe elementy strefy tytułu i oznaczenia odpowiedzialności (NP)
    • Zygmunt Boras.
260 -Strefa adresu wydawniczego [ , ]
    • a
    • Miejsce wydania (P)
    • Szczecin :
    • b
    • Nazwa wydawcy (P)
    • Polskie Pismo i Książka,
    • c
    • Data wydania (P)
    • 1991.
300 -Strefa opisu fizycznego [ , ]
    • a
    • Określenie formy książki i/lub objętość (NP)
    • 155, [5] s. ;
    • c
    • Format (NP)
    • 15 cm.
336 -Typ zawartości [ , ]
    • a
    • Termin opisujący typ zawartości
    • Tekst
    • b
    • Kod określający zawartość
    • txt
    • 2
    • Źródło (terminu i kodu)
    • rdacontent
337 -Typ mediów [ , ]
    • a
    • Tryb odtwarzania
    • Bez urządzenia pośredniczącego
    • b
    • Kod typu mediów
    • n
    • 2
    • Źródło (terminu i kodu)
    • rdamedia
338 -Typ/rodzaj nośnika [ , ]
    • a
    • Hasło opisujące typ nośnika
    • Wolumin
    • b
    • Kod typu nośnika
    • nc
    • 2
    • Źródło (terminu i kodu)
    • rdacarrier
504 -Uwaga dot. bibliogr. załącznikowej [ , ]
    • a
    • Uwaga dot. bibliografii załącznikowej
    • Bibliogr. s. 151-154.
080 -Uniwersalna Klasyfikacja Dziesiętna [ , ]
    • a
    • Symbol klasyfikacji
    • 943.8.03(431.6)
600 -Hasło przedmiotowe w formie nazwy osobowej [0,7]
    • a
    • Nazwa osobowa
    • Anna Jagiellonka
    • c
    • Dopowiedzenie
    • (księżna pomorska ;
    • d
    • Daty związane z nazwą
    • 1476-1503)
    • x
    • Określnik rzeczowy
    • małżeństwo.
    • 2
    • Źródło terminu
    • kaba
    • 9
    • KHW
    • 590539
600 -Hasło przedmiotowe w formie nazwy osobowej [0,7]
    • a
    • Nazwa osobowa
    • Bogusław
    • b
    • Numeracja zwiazana z nazwą
    • X
    • c
    • Dopowiedzenie
    • (książę szczeciński i słupski ;
    • d
    • Daty związane z nazwą
    • 1454-1532)
    • x
    • Określnik rzeczowy
    • małżeństwo.
    • 2
    • Źródło terminu
    • kaba
    • 9
    • KHW
    • 590540
600 -Hasło przedmiotowe w formie nazwy osobowej [0,7]
    • a
    • Nazwa osobowa
    • Bogusław
    • b
    • Numeracja zwiazana z nazwą
    • X
    • c
    • Dopowiedzenie
    • (książę szczeciński i słupski ;
    • d
    • Daty związane z nazwą
    • 1454-1532)
    • v
    • Określnik formalny
    • biografie.
    • 2
    • Źródło terminu
    • kaba
    • 9
    • KHW
    • 590541
651 -Hasło przedmiotowe w formie nazwy geograficznej [ ,7]
    • a
    • Nazwa geograficzna
    • Polska
    • y
    • Określnik chronologiczny
    • 1386-1572 (Okres Jagiellonów).
    • 2
    • Źródło terminu
    • kaba
    • 9
    • KHW
    • 124892
980 -Symbol UKD [ , ]
    • a
    • UKD
    • 943.8.03(431.6)
920 -ISBN [ , ]
    • a
    • ISBN
    • 83-85360-00-X Find
Sygnatura Numer inwentarzowy Status udost. Lokalizacja Data inwentaryzacji
 E.621192BE1994-06-17
W.181970W.181970-3BG1994-06-17
W.181970W.181971-3BG1994-06-17
W.181970W.181972-3BG1994-06-17
Z.84337Z.843371BG1994-06-17
 ZS.351BG2009-01-12
 P.115951BM1994-06-17
 H.14486-3BNS2006-05-18
 H.45081BNS1994-06-17
 H.4509-3BNS1994-06-17
 H.5344-3BNS1994-06-17